00443 2200169 4500001002100000008004100021035002000062245005400082100003000136250000600166260004100172300001200213084001400225082000800239650001400247990001200261INLIS000000000001044 ind  a0010-0524000279 aBeternak Ayam PedagingcIr. Muhammad Rasyaf, M. S aIr. Muhammad Rasyaf, M. S a1 aJakarta :bPT. Penebar Swadayac1993 a160 hlm a600 MUH b a600 aNon Fiksi a0744022